LEADER 01050cam0-22003251i-450- 001 990004956000403321 005 20140127111245.0 035 $a000495600 035 $aFED01000495600 035 $a(Aleph)000495600FED01 035 $a000495600 100 $a19990604g18351836km-y0itay50------ba 101 0 $alat 102 $aDE 105 $ay---c---001yy 200 1 $aDanielis Wyttenbachii Index graecitatis in Plutarchi Opera$ead editionem oxoniensem emendatius expressus 210 $aLipsiae$cin Bibliopolio Kurhniano$d1835-1836 215 $a2 v. (928 p. compl.)$d23 cm 517 1 $aIndex graecitatis in Plutarchi Opera 676 $a880$v22$zita 700 1$aWyttenbach,$bDaniel$0180696 702 0$aPlutarchus$f 801 0$aIT$bUNINA$gRICA$2UNIMARC 901 $aBK 912 $a990004956000403321 952 $aSG 880/B 30 (1)$bR.Bibl. 1936$fFLFBC 952 $aSG 880/B 30 (2)$bR.Bibl. 1936$fFLFBC 959 $aFLFBC 996 $aDanielis Wyttenbachii Index graecitatis in Plutarchi Opera$9528108 997 $aUNINA